| 000 | 00409cam a2200157ua 4500 | ||
|---|---|---|---|
| 041 |
_aeng _h |
||
| 082 |
_a028.73621 _bYOU/NE |
||
| 100 | _aYoung, Carol . | ||
| 245 |
_aNew Penguin dictionary of electronics / _cYoung Carol. _hTextual Documents |
||
| 250 |
_a1 / _b. |
||
| 260 |
_aLondon : _bEnglish Language Book Society , _c1982. |
||
| 300 | _a618 ; . | ||
| 504 | _a | ||
| 942 | _cBK | ||
| 999 |
_c9204 _d9204 |
||